[Event "Verseau"]
[Site "Chambly CAN"]
[Date "2026.02.25"]
[Round "3.4"]
[White "Tse, Edwin"]
[Black "Lalonde, Henri"]
[Result "0-1"]
[WhiteElo "1415"]
[BlackElo "1664"]
[WhiteFideId "-1"]
[BlackFideId "-1"]
[PlyCount "106"]
[GameId "2291171837747252"]
[EventDate "2026.02.11"]
[EventType "swiss"]
[EventRounds "5"]
[EventCountry "CAN"]

1. d4 d5 2. Bg5 g6 3. e3 Bg7 4. c4 Nf6 5. Nc3 c6 6. cxd5 Nxd5 7. Qb3 Qa5 8. Bc4 Nxc3 9. Bxf7+ Kf8 10. bxc3 Qxg5 11. g3 Qb5 12. Qxb5 cxb5 13. Bd5 Nc6 14. Bg2 Bd7 15. Ne2 e6 16. Nf4 Na5 17. Nd3 Bc6 18. Bxc6 Nxc6 19. Nc5 Nd8 20. O-O Ke7 21. Rfb1 a6 22. a4 bxa4 23. Rxa4 Re8 24. Rab4 b5 25. Ra1 Nc6 26. Rbb1 Reb8 27. Rxa6 Rxa6 28. Nxa6 Rb6 29. Nc5 b4 30. cxb4 Rxb4 31. Rd1 Kd6 32. Nxe6 Kxe6 33. d5+ Kd6 34. dxc6+ Kxc6 35. Kg2 Rb2 36. g4 g5 37. h3 Be5 38. Rd8 Rb7 39. Kf3 Rf7+ 40. Ke4 Bc7 41. Rh8 Kd7 42. Kd5 Ke7 43. e4 Kf6 44. Rg8 Bf4 45. f3 Rd7+ 46. Kc6 Rd3 47. Ra8 Rxf3 48. Kd5 Rd3+ 49. Kc4 Rxh3 50. Kd5 Rd3+ 51. Kc4 Rd7 52. Ra6+ Ke5 53. Ra5+ Kxe4 0-1

[Event "Verseau"]
[Site "Chambly CAN"]
[Date "2026.02.25"]
[Round "3.5"]
[White "Bonin, Francis"]
[Black "Longpre, Martin"]
[Result "1/2-1/2"]
[WhiteElo "1400"]
[BlackElo "1594"]
[WhiteFideId "-1"]
[BlackFideId "-1"]
[PlyCount "93"]
[GameId "2291171837747253"]
[EventDate "2026.02.11"]
[EventType "swiss"]
[EventRounds "5"]
[EventCountry "CAN"]

1. e4 c6 2. Nf3 d5 3. e5 Bg4 4. d4 e6 5. c3 c5 6. Bb5+ Nc6 7. O-O cxd4 8. cxd4 Nge7 9. Bg5 Qb6 10. Bxc6+ Nxc6 11. Be3 Bxf3 12. gxf3 Qxb2 13. Nd2 Qa3 14. Nb3 f6 15. exf6 gxf6 16. f4 Qd6 17. Qh5+ Ke7 18. Kh1 b6 19. f5 e5 20. Rae1 Kd7 21. f4 e4 22. Rg1 Re8 23. Rc1 Nb4 24. Qe2 Nd3 25. Rc3 Bh6 26. Nc5+ bxc5 27. dxc5 Qc6 28. Qh5 Bxf4 29. Rg7+ Kd8 30. Bxf4 Nxf4 31. Qf7 d4 32. Rb3 e3+ 33. Kg1 Nh3+ 34. Kf1 e2+ 35. Ke1 Qh1+ 36. Kd2 e1=Q+ 37. Kd3 Qhe4+ 38. Kc4 Q1e2+ 39. Kb4 Qe7 40. Qd5+ Kc7 41. Qd6+ Kc8 42. Qc6+ Kd8 43. Qa8+ Kc7 44. Qxa7+ Kc8 45. Qa8+ Kc7 46. Qa7+ Kc8 47. Qa8+ 1/2-1/2

[Event "Verseau"]
[Site "Chambly CAN"]
[Date "2026.02.25"]
[Round "3.6"]
[White "Zheng-Roy, Ethan"]
[Black "Hebert, Sebastien"]
[Result "1/2-1/2"]
[WhiteElo "1204"]
[BlackElo "1396"]
[WhiteFideId "-1"]
[BlackFideId "-1"]
[PlyCount "64"]
[GameId "2291171837751350"]
[EventDate "2026.02.11"]
[EventType "swiss"]
[EventRounds "5"]
[EventCountry "CAN"]

1. e4 e5 2. Nf3 Nc6 3. Bc4 h6 4. d4 exd4 5. Nxd4 Qf6 6. Nxc6 Bc5 7. O-O Qxc6 8. Bd5 Qg6 9. Nc3 Ne7 10. Re1 O-O 11. Bf4 c6 12. Bc4 b5 13. Bd3 Qf6 14. Bg3 Ng6 15. Qh5 d6 16. e5 Nf4 17. exf6 Nxh5 18. fxg7 Kxg7 19. Ne4 Nxg3 20. Nxc5 dxc5 21. fxg3 Be6 22. Be4 Bd5 23. Rad1 Rad8 24. Bxd5 Rxd5 25. Rxd5 cxd5 26. Re5 Rd8 27. Re7 a6 28. Re5 Kf6 29. Rh5 Kg6 30. g4 Rd6 31. Kf2 f6 32. h3 a5 1/2-1/2

[Event "Verseau"]
[Site "Chambly CAN"]
[Date "2026.02.25"]
[Round "3.7"]
[White "Bedard, Michel"]
[Black "Poirier, Dany"]
[Result "0-1"]
[WhiteElo "1550"]
[BlackElo "1394"]
[WhiteFideId "-1"]
[BlackFideId "-1"]
[PlyCount "102"]
[GameId "2291171837751351"]
[EventDate "2026.02.11"]
[EventType "swiss"]
[EventRounds "5"]
[EventCountry "CAN"]

1. d4 d5 2. Nc3 Bf5 3. Bf4 c6 4. e3 e6 5. f3 h6 6. g4 Bh7 7. Bd3 Bxd3 8. Qxd3 Nd7 9. Nge2 g5 10. Bg3 Bg7 11. O-O-O Ne7 12. e4 c5 13. exd5 exd5 14. dxc5 O-O 15. Bd6 Re8 16. Ng3 Qa5 17. Bxe7 Rxe7 18. Nf5 Ree8 19. Nxg7 Kxg7 20. Qxd5 Nf6 21. Qf5 Re7 22. Rd6 Ne8 23. Rd7 Rxd7 24. Qxd7 Rd8 25. Qe7 Nf6 26. Qe5 Re8 27. Qd4 Rd8 28. Qc4 a6 29. a3 Qc7 30. h4 b5 31. Qb4 gxh4 32. Kb1 Qg3 33. Rc1 Qxf3 34. Qa5 Rc8 35. Qxa6 Rxc5 36. Nxb5 Qxg4 37. Nc3 h3 38. Qe2 Qg2 39. Qxg2+ hxg2 40. Rg1 Rg5 41. Ne2 Nd5 42. c4 Ne3 43. b3 h5 44. Kc1 h4 45. Kd2 h3 46. Ng3 Rxg3 47. c5 h2 48. c6 hxg1=Q 49. c7 Qd1+ 50. Kc3 Nd5+ 51. Kc4 Nxc7 0-1

[Event "Verseau"]
[Site "Chambly CAN"]
[Date "2026.03.04"]
[Round "4.1"]
[White "Cournoyer, Raphael"]
[Black "Lalonde, Henri"]
[Result "1-0"]
[WhiteElo "1751"]
[BlackElo "1664"]
[WhiteFideId "-1"]
[BlackFideId "-1"]
[PlyCount "39"]
[GameId "2291171837767746"]
[EventDate "2026.02.11"]
[EventType "swiss"]
[EventRounds "5"]
[EventCountry "CAN"]

1. d4 d5 2. Nf3 Nf6 3. c4 e6 4. g3 Be7 5. Bg2 O-O 6. O-O dxc4 7. Ne5 c5 8. e3 Nbd7 9. Nxc4 Rb8 10. a4 Nb6 11. Ne5 Qc7 12. Nc3 a6 13. a5 cxd4 14. exd4 Nc4 15. Nxc4 Qxc4 16. Bf4 Ra8 17. Ra4 Bb4 18. Bd6 Nd5 19. Nxd5 exd5 20. Rxb4 1-0

[Event "Verseau"]
[Site "Chambly CAN"]
[Date "2026.03.04"]
[Round "4.2"]
[White "Kelly, Patrick"]
[Black "Evenko, Kirill"]
[Result "1-0"]
[WhiteElo "1599"]
[BlackElo "1586"]
[WhiteFideId "-1"]
[BlackFideId "-1"]
[PlyCount "111"]
[GameId "2291171837767747"]
[EventDate "2026.02.11"]
[EventType "swiss"]
[EventRounds "5"]
[EventCountry "CAN"]

1. e4 d5 2. exd5 Qxd5 3. Nc3 Qd8 4. d4 Nf6 5. Nf3 Bg4 6. Be2 e6 7. O-O Bd6 8. h3 Bh5 9. g4 Bg6 10. Ne5 Nbd7 11. f4 h6 12. Nxg6 fxg6 13. Qd3 Nf8 14. Qb5+ N6d7 15. Qxb7 Rb8 16. Qe4 Qh4 17. Rf3 c5 18. Nb5 Qe1+ 19. Rf1 Qg3+ 20. Qg2 Qxg2+ 21. Kxg2 Be7 22. Nxa7 cxd4 23. Nc6 Rc8 24. Nxd4 Bf6 25. c3 e5 26. Nb5 Be7 27. Be3 Ne6 28. f5 gxf5 29. Rxf5 Ng5 30. Rd1 Rc6 31. Na7 Rf6 32. Rxf6 Nxf6 33. Bb5+ Kf7 34. Nc6 e4 35. Ne5+ Ke6 36. Ng6 Rc8 37. Ba4 Kf7 38. Nxe7 Kxe7 39. Bf4 Ne6 40. Bd6+ Kf7 41. Kf2 Rd8 42. Be5 Rxd1 43. Bxd1 Nc5 44. Bxf6 Kxf6 45. Ke3 Ke5 46. Bc2 g5 47. b4 Ne6 48. Bxe4 Nf4 49. a4 Kd6 50. a5 Kc7 51. c4 Nxh3 52. b5 Nf4 53. b6+ Kb8 54. a6 Ne6 55. a7+ Kc8 56. a8=Q+ 1-0

[Event "Verseau"]
[Site "Chambly CAN"]
[Date "2026.03.04"]
[Round "4.3"]
[White "Cousineau, Francois"]
[Black "Zheng-Roy, Ethan"]
[Result "1-0"]
[WhiteElo "1798"]
[BlackElo "1204"]
[WhiteFideId "-1"]
[BlackFideId "-1"]
[PlyCount "115"]
[GameId "2291171837767748"]
[EventDate "2026.02.11"]
[EventType "swiss"]
[EventRounds "5"]
[EventCountry "CAN"]

1. e4 c5 2. Nf3 e6 3. b3 Nc6 4. Bb2 b6 5. g3 Bb7 6. Bg2 Nf6 7. e5 Nd5 8. O-O Be7 9. Qe2 O-O 10. Rd1 h6 11. d4 cxd4 12. Nxd4 Nxd4 13. Bxd4 Qc7 14. a3 Bc5 15. c4 Bxd4 16. Rxd4 Ne7 17. Bxb7 Qxb7 18. Nc3 Rad8 19. Rad1 Nf5 20. R4d3 Rfe8 21. Ne4 Re7 22. b4 Qc7 23. Nd6 Qc6 24. Rf3 Nxd6 25. Rxd6 Qc7 26. Rc3 Qb7 27. Qd3 Rc8 28. Qd4 Rc6 29. Rd3 Rxd6 30. Qxd6 Kf8 31. c5 Qe4 32. Rd4 Qb7 33. a4 bxc5 34. Qxc5 Qc6 35. Qxa7 Qc1+ 36. Kg2 Qc6+ 37. Kh3 Qh1 38. Qa6 g5 39. Qe2 Kg7 40. Rd1 Qc6 41. b5 Qb7 42. a5 Qa7 43. a6 Re8 44. Qe3 Qa8 45. Ra1 Rb8 46. b6 Kh7 47. b7 Rxb7 48. Qe4+ Kg7 49. Qxb7 Qd8 50. Qf3 Qg8 51. a7 Qf8 52. a8=Q Qe7 53. Qf6+ Qxf6 54. exf6+ Kxf6 55. Qd8+ Ke5 56. Qxd7 f5 57. Re1+ Kf6 58. Rxe6# 1-0

[Event "Verseau"]
[Site "Chambly CAN"]
[Date "2026.03.04"]
[Round "4.4"]
[White "Boyer, Pascal"]
[Black "Bonin, Francis"]
[Result "1-0"]
[WhiteElo "1658"]
[BlackElo "1400"]
[WhiteFideId "-1"]
[BlackFideId "-1"]
[PlyCount "111"]
[GameId "2291171837771845"]
[EventDate "2026.02.11"]
[EventType "swiss"]
[EventRounds "5"]
[EventCountry "CAN"]

1. d4 d5 2. Bf4 Nf6 3. Nf3 Bf5 4. e3 e6 5. Nbd2 Bd6 6. Bg3 Nbd7 7. c4 dxc4 8. Bxc4 O-O 9. O-O Qe7 10. Re1 Bxg3 11. hxg3 Rfd8 12. a3 c5 13. e4 Bg4 14. d5 Nb6 15. Ba2 Rac8 16. Nc4 Nxc4 17. Bxc4 a6 18. a4 h6 19. Qb3 Bxf3 20. gxf3 Rb8 21. dxe6 b5 22. exf7+ Kh8 23. axb5 axb5 24. Bxb5 Rd4 25. Ra4 Rxa4 26. Qxa4 Qxf7 27. Bc4 Qc7 28. Qc2 Qa5 29. Re3 Qa1+ 30. Kg2 Rxb2 31. Qc3 Rb1 32. Qxa1 Rxa1 33. e5 Ne8 34. Bf7 Ra8 35. Rc3 Rc8 36. Bxe8 Rxe8 37. Rxc5 Kg8 38. f4 Kf7 39. Kf3 g6 40. g4 Rd8 41. Ke3 Rb8 42. Rc7+ Ke6 43. Rc6+ Kf7 44. Rd6 Rb3+ 45. Rd3 Rb6 46. f5 gxf5 47. gxf5 Rb5 48. Ke4 Rb4+ 49. Rd4 Rb2 50. f3 Ke7 51. f6+ Ke6 52. Rd6+ Kf7 53. Kf5 Rb3 54. e6+ Ke8 55. f7+ Ke7 56. Rd7+ 1-0

[Event "Verseau"]
[Site "Chambly CAN"]
[Date "2026.03.04"]
[Round "4.5"]
[White "Longpre, Martin"]
[Black "Kerhuel-Lefebvre, Stephane"]
[Result "1/2-1/2"]
[WhiteElo "1594"]
[BlackElo "1582"]
[WhiteFideId "-1"]
[BlackFideId "-1"]
[PlyCount "110"]
[GameId "2291171837771846"]
[EventDate "2026.02.11"]
[EventType "swiss"]
[EventRounds "5"]
[EventCountry "CAN"]

1. e4 g6 2. d4 Bg7 3. Nf3 d6 4. Be2 Nf6 5. Nc3 O-O 6. O-O a6 7. h3 b5 8. a3 c5 9. dxc5 dxc5 10. e5 Qxd1 11. Rxd1 Ne8 12. Ne4 Nc6 13. Nxc5 Nxe5 14. Nxe5 Bxe5 15. Nd7 Bxd7 16. Rxd7 Bd6 17. Bh6 Ng7 18. Bf3 Rac8 19. c3 Rc7 20. Rxc7 Bxc7 21. a4 Rb8 22. axb5 axb5 23. Ra7 Bb6 24. Rb7 Rxb7 25. Bxb7 Nf5 26. Bf4 f6 27. Bc6 e5 28. Bd2 Nd6 29. Kf1 g5 30. b3 Kf7 31. c4 bxc4 32. bxc4 Bc5 33. Ke2 Ke7 34. Bd5 Nf5 35. f3 Kd6 36. Kd3 Ne7 37. Ba8 h6 38. Ba5 f5 39. Kc2 f4 40. Be4 Ke6 41. Kd3 Nf5 42. Bxf5+ Kxf5 43. Bc7 h5 44. Bb8 Bb4 45. Ba7 Bd6 46. Bf2 g4 47. hxg4+ hxg4 48. fxg4+ Kxg4 49. Ke4 Bb8 50. Be1 Kg5 51. Bc3 Kf6 52. c5 Ke6 53. c6 Bc7 54. Bb4 Bb6 55. Bc3 Bc7 1/2-1/2

[Event "Verseau"]
[Site "Chambly CAN"]
[Date "2026.03.04"]
[Round "4.6"]
[White "Hebert, Sebastien"]
[Black "Bedard, Michel"]
[Result "0-1"]
[WhiteElo "1396"]
[BlackElo "1550"]
[WhiteFideId "-1"]
[BlackFideId "-1"]
[PlyCount "79"]
[GameId "2291171837771847"]
[EventDate "2026.02.11"]
[EventType "swiss"]
[EventRounds "5"]
[EventCountry "CAN"]

1. e4 e5 2. Nf3 Nf6 3. Nc3 Nc6 4. d3 Bb4 5. Bd2 d6 6. h3 a6 7. a3 Bc5 8. Bg5 h6 9. Bh4 g5 10. Bg3 Be6 11. Be2 Qd7 12. Qd2 Nd4 13. Nxd4 Bxd4 14. f3 O-O-O 15. Bf1 Nh5 16. Bf2 Bxf2+ 17. Qxf2 Kb8 18. g4 Nf4 19. Ne2 Qc6 20. Nxf4 exf4 21. d4 Rhe8 22. O-O-O Qb6 23. Qd2 d5 24. e5 Rc8 25. Rh2 Bd7 26. Qc3 f6 27. exf6 Qxf6 28. Re2 Rxe2 29. Bxe2 Re8 30. Re1 Re3 31. Qd2 Qe7 32. Kd1 c5 33. dxc5 Qxc5 34. Kc1 Bc6 35. Bd1 d4 36. Rxe3 dxe3 37. Qd8+ Ka7 38. c3 Bb5 39. Qd4 Qxd4 40. cxd4 0-1

[Event "Verseau"]
[Site "Chambly CAN"]
[Date "2026.03.11"]
[Round "5.1"]
[White "Cournoyer, Raphael"]
[Black "Tse, Chun Wing"]
[Result "1/2-1/2"]
[WhiteElo "1751"]
[BlackElo "1782"]
[WhiteFideId "-1"]
[BlackFideId "-1"]
[PlyCount "103"]
[GameId "2291171837784145"]
[EventDate "2026.02.11"]
[EventType "swiss"]
[EventRounds "5"]
[EventCountry "CAN"]

1. d4 e6 2. Nf3 d5 3. c4 h6 4. Nc3 Nf6 5. g3 Bd6 6. c5 Be7 7. Bg2 O-O 8. O-O b6 9. cxb6 axb6 10. Bf4 Nh5 11. Bd2 Ba6 12. Re1 c5 13. e3 Nf6 14. Ne5 Nfd7 15. f4 Nxe5 16. fxe5 Nc6 17. Qg4 Kh7 18. Kh1 Nb4 19. Rab1 Bd3 20. a3 Bxb1 21. Rxb1 Nc6 22. Ne2 Ra4 23. Be4+ g6 24. Bc2 Nxe5 25. Qh5 Nc4 26. Nf4 Rg8 27. Bc1 Nd6 28. Qf3 Ra7 29. dxc5 bxc5 30. b4 cxb4 31. axb4 Bf6 32. Nh5 Bh8 33. Bb2 Bxb2 34. Rxb2 Ne4 35. Bxe4 dxe4 36. Nf6+ Kg7 37. Nxe4 f5 38. Nc5 Qf6 39. Rd2 Rb8 40. Qc6 Re7 41. b5 Kf7 42. Kg2 Qe5 43. Kf2 Rc7 44. Rd7+ Rxd7 45. Qxd7+ Kf6 46. Qc6 Qb2+ 47. Kf3 Rxb5 48. Qxe6+ Kg7 49. Qe7+ Kh8 50. Qe8+ Kh7 51. Qd7+ Kh8 52. Qe8+ 1/2-1/2

[Event "Verseau"]
[Site "Chambly CAN"]
[Date "2026.03.11"]
[Round "5.2"]
[White "Kerhuel-Lefebvre, Stephane"]
[Black "Kelly, Patrick"]
[Result "1-0"]
[WhiteElo "1582"]
[BlackElo "1599"]
[WhiteFideId "-1"]
[BlackFideId "-1"]
[PlyCount "75"]
[GameId "2291171837788242"]
[EventDate "2026.02.11"]
[EventType "swiss"]
[EventRounds "5"]
[EventCountry "CAN"]

1. d4 Nf6 2. c4 g6 3. Nc3 Bg7 4. e4 d6 5. h3 O-O 6. Nf3 Na6 7. Bd2 c5 8. d5 Nd7 9. Be2 f5 10. Ng5 Nf6 11. exf5 Bxf5 12. O-O h6 13. Nf3 Nb4 14. Nh4 Qc8 15. g4 Bc2 16. Qe1 Nd3 17. Nxg6 Rf7 18. Bxd3 Bxd3 19. Nxe7+ Rxe7 20. Qxe7 Bxf1 21. Kxf1 Qf8 22. Qe6+ Kh8 23. Re1 Re8 24. Qf5 Rxe1+ 25. Bxe1 Qd8 26. b3 Nd7 27. Ne4 Ne5 28. Bc3 Qh4 29. Kg2 Qe7 30. Ng3 Nf7 31. Bxg7+ Kxg7 32. Nh5+ Kf8 33. Qg6 Qe5 34. Nf6 Ke7 35. Ng8+ Kf8 36. Nxh6 Nxh6 37. Qxh6+ Kg8 38. Qe6+ 1-0

[Event "Verseau"]
[Site "Chambly CAN"]
[Date "2026.03.11"]
[Round "5.3"]
[White "Evenko, Kirill"]
[Black "Zheng-Roy, Ethan"]
[Result "1-0"]
[WhiteElo "1586"]
[BlackElo "1204"]
[WhiteFideId "-1"]
[BlackFideId "-1"]
[PlyCount "123"]
[GameId "2291171837788243"]
[EventDate "2026.02.11"]
[EventType "swiss"]
[EventRounds "5"]
[EventCountry "CAN"]

1. c4 e5 2. g3 Nf6 3. Bg2 Nc6 4. Nc3 Bb4 5. e3 O-O 6. Nge2 d6 7. O-O Be6 8. b3 Qd7 9. Nd5 Bxd5 10. cxd5 Ne7 11. Nc3 Bxc3 12. dxc3 a5 13. e4 a4 14. Bg5 axb3 15. Bxf6 gxf6 16. axb3 Rxa1 17. Qxa1 Kh8 18. f4 Qb5 19. Qb2 c6 20. Qd2 cxd5 21. fxe5 Qb6+ 22. Kh1 dxe5 23. exd5 Ng6 24. Qf2 Qxf2 25. Rxf2 Kg7 26. d6 Rd8 27. Rd2 Rd7 28. Bxb7 Nf8 29. Bc8 Rd8 30. d7 f5 31. b4 Kf6 32. b5 Ke7 33. b6 Nxd7 34. b7 Nb8 35. Rxd8 Kxd8 36. Bxf5 h6 37. Kg2 Kc7 38. Be4 Kd6 39. Kf3 Ke6 40. Kg4 h5+ 41. Kxh5 f5 42. Bg2 e4 43. Kg5 Ke5 44. h4 e3 45. Bf3 Nd7 46. h5 Ke6 47. h6 Kf7 48. Kxf5 Kf8 49. c4 Kg8 50. c5 e2 51. Bxe2 Kh7 52. c6 Nb8 53. c7 Nc6 54. b8=R Kxh6 55. c8=R Ne7+ 56. Ke6 Nxc8 57. Rxc8 Kg5 58. Rg8+ Kh6 59. Kf6 Kh7 60. Rg4 Kh8 61. Kf7 Kh7 62. Rh4# 1-0

[Event "Verseau"]
[Site "Chambly CAN"]
[Date "2026.03.11"]
[Round "5.4"]
[White "Bedard, Michel"]
[Black "Tse, Edwin"]
[Result "1-0"]
[WhiteElo "1550"]
[BlackElo "1415"]
[WhiteFideId "-1"]
[BlackFideId "-1"]
[PlyCount "91"]
[GameId "2291171837788244"]
[EventDate "2026.02.11"]
[EventType "swiss"]
[EventRounds "5"]
[EventCountry "CAN"]

1. d4 d5 2. Nc3 Nf6 3. Bf4 c5 4. e3 a6 5. Nf3 Nc6 6. a3 Bf5 7. dxc5 e6 8. b4 a5 9. Bb5 Nd7 10. Bxc6 bxc6 11. Nd4 Qc8 12. Nxf5 exf5 13. O-O g6 14. Ne2 Bg7 15. Nd4 O-O 16. c3 Re8 17. Qc2 Qb7 18. Bd6 Re4 19. Rfb1 axb4 20. axb4 Rc8 21. b5 Bxd4 22. bxc6 Qxc6 23. exd4 Rce8 24. h3 Nf6 25. Rb6 Qc8 26. Rb8 Qc6 27. Rxe8+ Rxe8 28. f3 Qb5 29. Be5 Nd7 30. Rb1 Qc4 31. Rb4 Qa6 32. c4 dxc4 33. Rxc4 Nxe5 34. dxe5 Rxe5 35. c6 Re8 36. c7 Rc8 37. Qc3 Qb6+ 38. Kh1 Qb7 39. Rc6 Kf8 40. Qc5+ Ke8 41. Qe5+ Kf8 42. Qh8+ Ke7 43. Qf6+ Kf8 44. Re6 Kg8 45. Qd8+ Kg7 46. Re8 1-0

[Event "Verseau U1400"]
[Site "Chambly CAN"]
[Date "2026.02.11"]
[Round "1.11"]
[White "Barrette, Mathieu"]
[Black "Alameddine, Karim"]
[Result "0-1"]
[WhiteElo "1174"]
[BlackElo "1376"]
[WhiteFideId "-1"]
[BlackFideId "-1"]
[PlyCount "76"]
[GameId "2291171837661202"]
[EventDate "2026.02.11"]
[EventType "swiss"]
[EventRounds "5"]
[EventCountry "CAN"]

1. d4 d6 2. e4 e6 3. Nf3 Qe7 4. Be2 h6 5. O-O e5 6. Nc3 c6 7. Re1 Nf6 8. d5 c5 9. Bb5+ Nbd7 10. b3 a6 11. Bc4 g6 12. h3 Bg7 13. Bb2 O-O 14. a4 Nh5 15. Ne2 Nhf6 16. Ng3 Kh7 17. Qd2 Rb8 18. a5 Qd8 19. Re3 Ng8 20. Nh2 h5 21. Nf3 Bh6 22. Bc1 Bf4 23. h4 f6 24. Ne2 Bxe3 25. Qxe3 Qe7 26. g3 Ra8 27. Kh2 b5 28. axb6 Nxb6 29. Bd3 Qc7 30. Neg1 c4 31. Be2 Bg4 32. Nh3 Qc5 33. Qd2 Bxh3 34. Kxh3 Qxf2 35. Qa5 Qxe2 36. Qxb6 Qxf3 37. Qb7+ Kh8 38. bxc4 Qh1# 0-1

[Event "Verseau U1400"]
[Site "Chambly CAN"]
[Date "2026.02.11"]
[Round "1.12"]
[White "St-Laurent, Luc"]
[Black "Gutierrez, Samuel Alexandre"]
[Result "1-0"]
[WhiteElo "1330"]
[BlackElo "1158"]
[WhiteFideId "-1"]
[BlackFideId "-1"]
[PlyCount "79"]
[GameId "2291171837665299"]
[EventDate "2026.02.11"]
[EventType "swiss"]
[EventRounds "5"]
[EventCountry "CAN"]

1. d4 d5 2. Nf3 Nf6 3. g3 Bd7 4. Bg2 Nc6 5. O-O e5 6. dxe5 Bg4 7. exf6 gxf6 8. b3 Ne7 9. Bb2 Bg7 10. Nbd2 c6 11. h3 Bxf3 12. Nxf3 f5 13. Bxg7 Rg8 14. Bf6 Rg6 15. Qd4 Qd6 16. Bxe7 Kxe7 17. Qe5+ Re6 18. Qxd6+ Kxd6 19. e3 Rae8 20. Rfd1 Kc7 21. h4 h6 22. Rd4 Re4 23. Rxe4 fxe4 24. Nd4 Rf8 25. Bh3 Kb6 26. b4 a5 27. bxa5+ Kxa5 28. Rb1 c5 29. Rb5+ Ka4 30. Rxc5 Ra8 31. Bd7+ Ka3 32. Rb5 Ka4 33. Rb3+ Ka5 34. Ra3+ Kb4 35. Rxa8 Kc5 36. Ra5+ Kb6 37. Rxd5 f5 38. a4 h5 39. a5+ Kc7 40. Ne6+ 1-0

[Event "Verseau U1400"]
[Site "Chambly CAN"]
[Date "2026.02.11"]
[Round "1.13"]
[White "Gutierrez, Santiago"]
[Black "Doyon, Martin"]
[Result "1/2-1/2"]
[WhiteElo "1153"]
[BlackElo "1326"]
[WhiteFideId "-1"]
[BlackFideId "-1"]
[PlyCount "135"]
[GameId "2291171837665300"]
[EventDate "2026.02.11"]
[EventType "swiss"]
[EventRounds "5"]
[EventCountry "CAN"]

1. e4 d6 2. Nf3 Nf6 3. Nc3 g6 4. Bc4 Bg7 5. d3 O-O 6. h3 Nbd7 7. O-O c6 8. a4 Nb6 9. Bb3 Be6 10. a5 Nbd7 11. Nd4 Bxb3 12. Nxb3 h6 13. Be3 c5 14. Qd2 Kh7 15. d4 Rc8 16. f3 a6 17. dxc5 Nxc5 18. Na4 Nxa4 19. Rxa4 Qc7 20. c3 Qd7 21. Rb4 Rc6 22. Rd1 e5 23. Rb6 Rd8 24. Rxc6 Qxc6 25. Bc5 d5 26. Be7 Rd7 27. Bxf6 Bxf6 28. exd5 Qb5 29. Nc1 Bg5 30. Qd3 Bxc1 31. Qxb5 Be3+ 32. Kf1 axb5 33. Ke2 Bf4 34. b3 Kg7 35. c4 bxc4 36. bxc4 Kf6 37. Rb1 Ke7 38. Rb6 f6 39. Kd3 Bc1 40. a6 bxa6 41. Rxa6 Bb2 42. g4 Bd4 43. Ke4 Rd6 44. Ra5 Rd7 45. c5 f5+ 46. gxf5 gxf5+ 47. Kxf5 Rxd5 48. Ra7+ Rd7 49. Ra5 Rc7 50. Rb5 Rxc5 51. Rxc5 Bxc5 52. Kxe5 Kf7 53. Kf5 Kg7 54. Kg4 Kg6 55. h4 Be3 56. h5+ Kf6 57. f4 Bd2 58. Kf3 Kf5 59. Kg3 Bxf4+ 60. Kh4 Bd2 61. Kg3 Kg5 62. Kh3 Kxh5 63. Kg3 Kg5 64. Kh3 h5 65. Kg2 Kg4 66. Kh2 Bf4+ 67. Kg2 h4 68. Kh1 1/2-1/2

[Event "Verseau U1400"]
[Site "Chambly CAN"]
[Date "2026.02.11"]
[Round "1.14"]
[White "Morasse, Daniel"]
[Black "Rodriguez Ocon, Manuel"]
[Result "0-1"]
[WhiteElo "1313"]
[BlackElo "1132"]
[WhiteFideId "-1"]
[BlackFideId "-1"]
[PlyCount "43"]
[GameId "2291171837665301"]
[EventDate "2026.02.11"]
[EventType "swiss"]
[EventRounds "5"]
[EventCountry "CAN"]

1. e4 e5 2. Nf3 Nc6 3. Bb5 d6 4. d3 Nf6 5. Bxc6+ bxc6 6. c3 d5 7. Nxe5 dxe4 8. Qb3 Be6 9. Qa4 exd3 10. Qxc6+ Bd7 11. Nxd7 Nxd7 12. Qe4+ Qe7 13. Qxe7+ Bxe7 14. O-O O-O 15. Rd1 Nc5 16. b4 Ne4 17. Rxd3 Rfd8 18. Rxd8+ Rxd8 19. Nd2 Nxd2 20. Bb2 Nc4 21. g3 Nxb2 22. Re1 0-1

[Event "Verseau U1400"]
[Site "Chambly CAN"]
[Date "2026.02.11"]
[Round "1.15"]
[White "Savard, Alain"]
[Black "Joyal, Logan"]
[Result "0-1"]
[WhiteElo "1124"]
[BlackElo "1271"]
[WhiteFideId "-1"]
[BlackFideId "-1"]
[PlyCount "70"]
[GameId "2291171837665302"]
[EventDate "2026.02.11"]
[EventType "swiss"]
[EventRounds "5"]
[EventCountry "CAN"]

1. d4 d5 2. Bf4 c5 3. e3 Nc6 4. c3 Nf6 5. Nd2 a6 6. Ngf3 e6 7. Bd3 c4 8. Bc2 Bd6 9. Bg3 O-O 10. Ne5 Bxe5 11. Bxe5 Nxe5 12. dxe5 Nd7 13. Nf3 Qb6 14. Qb1 Qc7 15. Bxh7+ Kh8 16. Bc2 Nxe5 17. Nxe5 Qxe5 18. O-O g6 19. Qd1 Kg7 20. Qf3 b5 21. Rab1 Bb7 22. Bd1 Rh8 23. g3 Rab8 24. Qe2 d4 25. exd4 Qxe2 26. Bxe2 Rxh2 27. f3 Rxe2 28. Rf2 Rxf2 29. Kxf2 Rh8 30. Kg2 g5 31. g4 Bd5 32. Re1 Kf8 33. Re5 f6 34. Re1 f5 35. Re5 fxg4 0-1

[Event "Verseau U1400"]
[Site "Chambly CAN"]
[Date "2026.02.11"]
[Round "1.16"]
[White "Tazi, Mohammed"]
[Black "Drolet, Dominic"]
[Result "1-0"]
[WhiteElo "1267"]
[BlackElo "1113"]
[WhiteFideId "-1"]
[BlackFideId "-1"]
[PlyCount "63"]
[GameId "2291171837665303"]
[EventDate "2026.02.11"]
[EventType "swiss"]
[EventRounds "5"]
[EventCountry "CAN"]

1. e4 c6 2. Nf3 d5 3. Bd3 Bg4 4. exd5 cxd5 5. O-O e6 6. c3 Nf6 7. Qa4+ Nc6 8. Ne5 Qc7 9. Nxg4 Nxg4 10. Qxg4 g6 11. Bb5 Bd6 12. h3 a6 13. Bxc6+ Qxc6 14. d4 O-O-O 15. Bf4 h5 16. Qf3 Be7 17. Nd2 f6 18. Rfc1 g5 19. Bh2 f5 20. c4 Kd7 21. cxd5 Qxd5 22. Qxd5+ exd5 23. Rc7+ Ke8 24. Be5 Rg8 25. Re1 Kf7 26. Rxb7 Rge8 27. Nf3 Kf8 28. Rc1 Bd6 29. Rc6 Bxe5 30. Nxe5 g4 31. Rf6+ Kg8 32. Rg6+ 1-0

[Event "Verseau U1400"]
[Site "Chambly CAN"]
[Date "2026.02.11"]
[Round "1.17"]
[White "Monette, Andre"]
[Black "Zheng-Roy, Ethan"]
[Result "0-1"]
[WhiteElo "1098"]
[BlackElo "1204"]
[WhiteFideId "-1"]
[BlackFideId "-1"]
[PlyCount "60"]
[GameId "2291171837665304"]
[EventDate "2026.02.11"]
[EventType "swiss"]
[EventRounds "5"]
[EventCountry "CAN"]

1. e4 c5 2. d4 cxd4 3. Qxd4 Nc6 4. Qd1 Nf6 5. Nc3 g6 6. Nf3 Bg7 7. Bf4 d6 8. h3 Bd7 9. e5 Nh5 10. Bh2 dxe5 11. Bc4 O-O 12. Ne4 Rc8 13. b3 Qa5+ 14. Qd2 Qxd2+ 15. Nfxd2 Nd4 16. O-O-O b5 17. Bd3 f5 18. Rhe1 fxe4 19. Rxe4 Bf5 20. Rde1 Bxe4 21. Rxe4 Rxf2 22. Bxe5 Bxe5 23. Rxe5 Nf4 24. Be4 Nde2+ 25. Kd1 Nc3+ 26. Ke1 Re2+ 27. Kf1 Rxd2 28. Rxe7 Nxe4 29. Rxe4 Rcxc2 30. Rxf4 Rd1# 0-1

[Event "Verseau U1400"]
[Site "Chambly CAN"]
[Date "2026.02.11"]
[Round "1.18"]
[White "Coutu, Olivier"]
[Black "Raymond, Pierre"]
[Result "0-1"]
[WhiteElo "1199"]
[BlackElo "1060"]
[WhiteFideId "-1"]
[BlackFideId "-1"]
[PlyCount "40"]
[GameId "2291171837665305"]
[EventDate "2026.02.11"]
[EventType "swiss"]
[EventRounds "5"]
[EventCountry "CAN"]

1. g3 e5 2. Bg2 Nf6 3. b3 Bc5 4. Bb2 d6 5. Nc3 c6 6. e3 Be6 7. d4 Bb6 8. dxe5 dxe5 9. Qe2 O-O 10. Rd1 Nbd7 11. Nf3 Qc7 12. O-O Nc5 13. e4 a5 14. a4 Bg4 15. h3 Bh5 16. Rd2 Bg6 17. Ne1 Nh5 18. Qc4 Nxg3 19. fxg3 Nxb3+ 20. Kh1 Nxd2 0-1